[Event "IECC TH-M-3704"]
[Site "IECC email"]
[Date "2021.11.11"]
[Round "?"]
[White "Hughes, Peter James"]
[Black "Gravini, Edwin"]
[Result "0-1"]
[WhiteElo "1161"]
[BlackElo "1220"]
[PlyCount "28"]
[EventDate "2021.??.??"]
[EventType "tourn (corr)"]
[SourceTitle "Corr 2024"]
[Source "ChessBase"]
[SourceDate "2023.10.19"]
[SourceVersion "1"]
[SourceVersionDate "2023.10.19"]
[SourceQuality "1"]
[WhiteTeam "Australien"]
[BlackTeam "Belgien"]
[WhiteTeamCountry "AUS"]
[BlackTeamCountry "BEL"]

1. d4 Nf6 2. c4 e6 3. Nc3 Bb4 4. e3 c5 5. Nf3 0-0 6. Bd2 b6 7. Be2 d5 8. 0-0 dxc4 9. dxc5 Bxc5 10. Bxc4 Nbd7 11. e4 Bb7 12. e5 Bxf3 13. Qxf3 Nxe5 14. Qe2 Nxc4 0-1

[Event "IECC TH-M-3599"]
[Site "IECC email"]
[Date "2021.02.05"]
[Round "?"]
[White "Hughes, Peter James"]
[Black "Gravini, Edwin"]
[Result "0-1"]
[WhiteElo "1096"]
[BlackElo "1147"]
[PlyCount "54"]
[EventDate "2021.??.??"]
[EventType "tourn (corr)"]
[SourceTitle "Corr 2024"]
[Source "ChessBase"]
[SourceDate "2023.10.19"]
[SourceVersion "1"]
[SourceVersionDate "2023.10.19"]
[SourceQuality "1"]
[WhiteTeam "Australien"]
[BlackTeam "Belgien"]
[WhiteTeamCountry "AUS"]
[BlackTeamCountry "BEL"]

1. b4 e5 2. Bb2 Bxb4 3. Bxe5 Nf6 4. c3 Ba5 5. d4 Bxc3+ 6. Nxc3 d6 7. Bg3 Nc6 8. e3 a6 9. Bd3 Bg4 10. Qc2 Nb4 11. Qa4+ Nc6 12. d5 b5 13. Bxb5 axb5 14. Qxb5 0-0 15. dxc6 d5 16. f3 Bh5 17. Nge2 Re8 18. 0-0 d4 19. Nxd4 Rxe3 20. Qc5 Rd3 21. Be5 Ne8 22. Nde2 Qg5 23. Ng3 Bg6 24. Nce4 Qh4 25. Nc3 f6 26. f4 fxe5 27. fxe5 Qd4+ 0-1